Relief Jána Jiskru z Brandýsa na skalnej stene trenčianskeho zámku

Bibliographic Details
Format: Article
Language:Slovak
Subjects:

MARC

LEADER 00000nab a22000001a 4500
001 vtls010314375
003 SK-MaSNL
005 20260303091310.0
008 110928d19210925xo |r|p|||| |000 b|slo
015 |a SNBRRBVU1918-1938 
038 |a SNKBUCL 
040 |a SNKBUVU  |b slo  |c SNKBUCL  |e AACR2 
041 0 |a slo 
044 |a xo  |c SK 
080 |a 730.071.1  |2 1997 
080 |a 730.027  |2 1997 
245 0 0 |a Relief Jána Jiskru z Brandýsa na skalnej stene trenčianskeho zámku 
500 |a V rubrike Chýrnik 
600 1 7 |a Uprka, Franta,  |d 1868-1929  |2 MM  |9 131475 
600 1 7 |a Jan Jiskra z Brandýsa,  |d asi 1400-asi 1469  |2 MM  |9 1099408 
650 0 7 |a české sochárstvo  |2 MM  |9 3045 
650 0 7 |a reliéfy  |2 MM  |9 2736 
651 7 |a Trenčín (Slovensko)  |2 MM  |9 159956 
773 0 |t Slovenské hlasy  |g Roč. 3, č. 39 (25.9.1921), s. 3 
852 |a SNK  |b KIS3GCP 
910 |a snkrbvumm 
958 |a VY 
999 |c 1806968  |d 1808898